000 00270nam a2200109Ia 4500
008 240625s9999 xx 000 0 und d
041 _aeng
082 _a658.4063 ROT
100 _aROTHWELL WILLIAM J
245 _aPRACTICING ORGANIZATION DEVELOPMENT A GU
260 _c2005
999 _c33927
_d33927